书目信息 |
| 题名: |
石头的文明
|
|
| 作者: | 谢伟 著 | |
| 分册: | ||
| 出版信息: | 桂林 广西师范大学出版社 2006.01 |
|
| 页数: | 196页 | |
| 开本: | 23cm | |
| 丛书名: | ||
| 单 册: | ||
| 中图分类: | TU-091.12 | |
| 科图分类: | ||
| 主题词: | 古建筑--简介--世界 | |
| 电子资源: | ||
| ISBN: | 7-5633-5818-8 | |
| 000 | 00614nam0 2200205 450 | |
| 001 | 0643213188 | |
| 005 | 20061010162010.03 | |
| 010 | @a7-5633-5818-8@dCNY 25.00 | |
| 100 | @a20060819d2006 km y0chiy0120 ea | |
| 101 | 0 | @achi |
| 102 | @aCN@b450000 | |
| 200 | 1 | @a石头的文明@Ashi tou de wen ming@e奇迹,就是不可思议@f谢伟著@Fxie wei zhu |
| 210 | @a桂林@c广西师范大学出版社@d2006.01 | |
| 215 | @a196页@d23cm | |
| 517 | 1 | @a奇迹,就是不可思议@Aqi ji,jiu shi bu ke si yi |
| 606 | 0 | @a古建筑@x简介@x世界 |
| 690 | @aTU-091.12@v4 | |
| 701 | 0 | @a谢伟@Axie wei@4著 |
| 801 | @aCN@c20061010 | |
| 905 | @apdsgxy@dTU-091.12@eX473 | |
| 石头的文明:奇迹,就是不可思议/谢伟著.-桂林:广西师范大学出版社,2006.01 |
| 196页;23cm |
| ISBN 7-5633-5818-8:CNY 25.00 |
| ● |
| 相关链接 |
|
|
|
正题名:石头的文明
索取号:TU-091.12/X473
 
预约/预借
| 序号 | 登录号 | 条形码 | 馆藏地/架位号 | 状态 | 备注 |
| 1 | 608742 | 206087429 | 建筑库101/101建筑库 4排4列2层/ [索取号:TU-091.12/X473] | 在馆 | |
| 2 | 608743 | 206087438 | 建筑库101/101建筑库 4排4列2层/ [索取号:TU-091.12/X473] | 在馆 | |
| 3 | 608744 | 206087447 | 建筑库101/101建筑库 4排4列2层/ [索取号:TU-091.12/X473] | 在馆 |